000
00227 a2200109 4500
020
_a
9780829767438
041
_a
spa
100
_a
Vida Editorial
245
_a
La Biblia Para Principiantes Bilingue
942
_c
BK
952
_7
4
999
_c
22060
_d
22060